Sports Quiz

Random Sports or Tennis Quiz

Australian Open Men's Semifinals (Since 1980) Quiz Stats

Quiz not verified by Sporcle

Challenge
Share
Tweet
Embed
Score 0/152 Timer 08:00
5 Plays Today
Year Player % Correct
2018Roger Federer
99.7%
2004Roger Federer
99.6%
2005Roger Federer
99.6%
2006Roger Federer
99.6%
2007Roger Federer
99.6%
2008Roger Federer
99.6%
2009Roger Federer
99.6%
2010Roger Federer
99.6%
2011Roger Federer
99.6%
2012Roger Federer
99.6%
2013Roger Federer
99.6%
2014Roger Federer
99.6%
2017Roger Federer
99.5%
2016Roger Federer
99.5%
2008Rafael Nadal
99.1%
2009Rafael Nadal
99.1%
2012Rafael Nadal
99.1%
2014Rafael Nadal
99.1%
2017Rafael Nadal
98.9%
2008Novak Djokovic
97.7%
2011Novak Djokovic
97.7%
2012Novak Djokovic
97.7%
2013Novak Djokovic
97.7%
2010Andy Murray
97.3%
2011Andy Murray
97.3%
2012Andy Murray
97.3%
2015Novak Djokovic
97.3%
2013Andy Murray
97.3%
2016Novak Djokovic
96.9%
2015Andy Murray
96.8%
2016Andy Murray
96.3%
1993Pete Sampras
95%
1994Pete Sampras
95%
1995Pete Sampras
95%
1997Pete Sampras
95%
2000Pete Sampras
95%
1995Andre Agassi
94.9%
1996Andre Agassi
94.9%
2000Andre Agassi
94.9%
2001Andre Agassi
94.9%
2003Andre Agassi
94.9%
2004Andre Agassi
94.9%
2003Andy Roddick
89.7%
2005Andy Roddick
89.7%
2007Andy Roddick
89.7%
2009Andy Roddick
89.7%
2014Stanislas Wawrinka
88.1%
2018Marin Čilić
87.8%
2015Stanislas Wawrinka
87.4%
1983John McEnroe
87.2%
1991Patrick McEnroe
87.1%
Year Player % Correct
1991Boris Becker
86.5%
1996Boris Becker
86.5%
2017Stanislas Wawrinka
84.7%
2005Lleyton Hewitt
84.7%
2011David Ferrer
83.7%
2008Jo-Wilfried Tsonga
83.7%
2010Jo-Wilfried Tsonga
83.7%
2013David Ferrer
83.6%
1983Ivan Lendl
82.5%
1985Ivan Lendl
82.5%
1987Ivan Lendl
82.5%
1988Ivan Lendl
82.5%
1989Ivan Lendl
82.5%
1990Ivan Lendl
82.5%
1991Ivan Lendl
82.5%
2002Marat Safin
79.7%
2004Marat Safin
79.7%
2005Marat Safin
79.7%
1985Stefan Edberg
78.1%
1987Stefan Edberg
78.1%
1988Stefan Edberg
78.1%
1990Stefan Edberg
78.1%
1991Stefan Edberg
78.1%
1992Stefan Edberg
78.1%
1993Stefan Edberg
78.1%
1994Stefan Edberg
78.1%
2014Tomáš Berdych
77.2%
1992Jim Courier
75.1%
1993Jim Courier
75.1%
1994Jim Courier
75.1%
2015Tomáš Berdych
74.9%
2016Milos Raonic
72.9%
1995Michael Chang
72.2%
1996Michael Chang
72.2%
1997Michael Chang
72.2%
2006Marcos Baghdatis
71.2%
2010Marin Čilić
71.2%
1983Mats Wilander
71%
1984Mats Wilander
71%
1985Mats Wilander
71%
1988Mats Wilander
71%
1990Mats Wilander
71%
2017Grigor Dimitrov
67.6%
1999Yevgeny Kafelnikov
65.3%
2000Yevgeny Kafelnikov
65.3%
1999Tommy Haas
64%
2002Tommy Haas
64%
2007Tommy Haas
64%
2001Patrick Rafter
63.5%
2018Kyle Edmund
62.8%
2018Chung Hyeon
62.8%
Year Player % Correct
2006David Nalbandian
62.3%
2004Juan Carlos Ferrero
59.3%
2007Fernando González
58.3%
2002Thomas Johansson
55.2%
1987Pat Cash
54.6%
1988Pat Cash
54.6%
2009Fernando Verdasco
53.5%
1997Carlos Moyà
53.3%
1993Michael Stich
52%
1989Thomas Muster
51.1%
1997Thomas Muster
51.1%
1998Marcelo Ríos
50%
1990Yannick Noah
47.2%
1994Todd Martin
44.3%
1998Petr Korda
43.8%
2001Sébastien Grosjean
43.8%
1980Guillermo Vilas
42.9%
1992Richard Krajicek
39.8%
1992Wayne Ferreira
39.3%
2003Wayne Ferreira
39.3%
2003Rainer Schüttler
39%
2000Magnus Norman
38.2%
2006Nicolas Kiefer
37.5%
2001Arnaud Clément
37%
1999Thomas Enqvist
35%
1981Johan Kriek
33.2%
1982Johan Kriek
33.2%
1984Johan Kriek
33.2%
1999Nicolás Lapentti
31.1%
1989Miloslav Mečíř
29.9%
2002Jiří Novák
26.6%
1984Kevin Curren
25.8%
1980Brian Teacher
24.2%
1998Karol Kučera
21%
1996Mark Woodforde
21%
1995Aaron Krickstein
19%
1981Mark Edmondson
18.4%
1998Nicolas Escudé
18%
1983Tim Mayotte
15%
1981Steve Denton
14.1%
1982Steve Denton
14.1%
1987Wally Masur
12.3%
1985Slobodan Živojinović
11.5%
1980Peter McNamara
11%
1982Paul McNamee
10.3%
1980Kim Warwick
9.6%
1989Jan Gunnarsson
8.2%
1981Hank Pfister
7.3%
1982Hank Pfister
7.3%
1984Ben Testerman
6.4%

You're not logged in!

Compare scores with friends on all Sporcle quizzes.
Join for Free
OR
Log In

You Might Also Like...

Show Comments

Extras

Top Quizzes Today


Score Distribution

Your Account Isn't Verified!

In order to create a playlist on Sporcle, you need to verify the email address you used during registration. Go to your Sporcle Settings to finish the process.

Report this User

Report this user for behavior that violates our Community Guidelines.

Details: